000 00452nam a2200157 i 4500
001 52891
003 ES-MaACL
005 20230906162650.0
007 t|
008 030905s1921 fr ||||1| fre d
100 1 _aDelacre, Maurice.
_943284
245 1 0 _aTraité de chimie pharmaceutique organique /
_cpar Maurice Delacre.
260 _aParis :
_b[s.n.],
_c1921 (
_eDijon :
_fDarantiére)
300 _aX, 198 p. ;
_c24 cm.
852 _aES-MaACL
_jA-230
999 _c52891
_d52891